Представление документа в формате MARC21

Поле Инд. ПП Название Значение
Тип записи a
Библиографический уровень m
001 Контрольный номер UNIDUBNAf26b7e0169294e639cc11e7ebf8f0b6d
005 Дата корректировки 20260526155045.1
008 Кодируемые данные 20260522
022 0_ a ISSN 0028-1263
084 a Индекс другой классификации/Индекс ББК 20; 30; 72
090 a Полочн. индекс 95.2
099 a Индекс 34174
245 10 a Заглавие Наука и жизнь
n Номер части/ раздела №5/2026
b Продолж. заглавия ежемесячный научно-популярный журнал
c Ответственность учредитель: АНО "Редакция журнала "Наука и жизнь""; гл. ред. Е. Л. Лозовская
260 c Дата издания 2026
b Издательство Наука и жизнь
a Место издания Москва
300 a Объем 144 с.
500 a Примечание Журнал
505 0_ a Форматированное содержание Первый по имени Адам
b Автор Медведев В.
n Доп. информация Фантастика
650 04 a Основная рубрика естествознание; техника; наука
653 0_ a Ключевые слова Nuclotron-based Ion Colider Facility (NICA)
a Ключевые слова Алтайский биосферный заповедник
a Ключевые слова Анюйский национальный парк
a Ключевые слова бензин
a Ключевые слова бетон
a Ключевые слова ботаника
a Ключевые слова водные животные
a Ключевые слова водородная энергетика
a Ключевые слова возобновляемые источники энергии (ВИЭ)
a Ключевые слова вольфрам
a Ключевые слова Врангеля остров
a Ключевые слова генная инженерия
a Ключевые слова гены
a Ключевые слова гидрологические исследования
a Ключевые слова гидрологические характеристики
a Ключевые слова грибы
a Ключевые слова деревообрабатывающая промышленность
a Ключевые слова ДНК
a Ключевые слова древесина
a Ключевые слова древесные топливные гранулы
a Ключевые слова Дубна
a Ключевые слова дыхание
a Ключевые слова женские нейроны
a Ключевые слова заповедник "Азас"
a Ключевые слова заповедники
a Ключевые слова защита от коррозии
a Ключевые слова история техники
a Ключевые слова история фамилий
a Ключевые слова Кавказский заповедник
a Ключевые слова Керженский биосферный заповедник
a Ключевые слова коллайдер NICA
a Ключевые слова короткое замыкание
a Ключевые слова космические исследования
a Ключевые слова космические корабли
a Ключевые слова космические программы
a Ключевые слова кроссворды
a Ключевые слова лес
a Ключевые слова лесопромышленное производство
a Ключевые слова лингвистика
a Ключевые слова Луна
a Ключевые слова лунные программы
a Ключевые слова мезозой
a Ключевые слова микробы
a Ключевые слова молекулярная биология
a Ключевые слова мужские нейроны
a Ключевые слова насекомые
a Ключевые слова научная фантастика
a Ключевые слова Объединенный институт ядерных исследований (ОИЯИ)
a Ключевые слова отходы лесозаготовок
a Ключевые слова оцинкованная сталь
a Ключевые слова палеонтология
a Ключевые слова полет на Луну
a Ключевые слова природные кристаллы-поляризаторы
a Ключевые слова растения
a Ключевые слова садовые растения
a Ключевые слова термохалинная циркуляция
a Ключевые слова Тофаларский заказник
a Ключевые слова ускорительные комплексы
a Ключевые слова Херсонес Таврический
a Ключевые слова Хоккета список
a Ключевые слова хромосомы
a Ключевые слова человеческий язык
a Ключевые слова энергетика
773 18 w Контрольный № источника RU/IS/BASE/408731445
900 a Имя электронного ресурса obl_nauka_i_gizn'_05_2026
x Справочная информация Обложка
901 t Тип документа s
952 a Тип литературы для КСУ ВШ НПЖ
991 s 6